Villes italiennes - Mort subite - Statistiques

Statistiques générales
  • Ce quiz a été pris 500 fois
    461 depuis la dernière actualisation
  • Le résultat moyen est 11 sur 20
Answers on the Grid
Answers color-coded by a green-red scale on the quiz's grid according to % correct below.
Alexandrie
Bari
Bergame
Bologne
Bregaglia
Brescia
Caracas
Catane
Davos
Dobrovo
El Tío
Florence
Gênes
Gérone
Grosseto
Libourne
Livourne
Ljubljana
Lugano
Milan
Monza
Naples
Nice
Palerme
Paris
Parme
Pise
Plaisance
Saint-Marin
Simplon
Sucre
Udine
Vallorcine
Venise
Vérone
Villach
 
Statistiques - réponses
Réponse % Correct
Bologne
87%
Florence
82%
Gênes
73%
Bari
72%
Bergame
71%
Milan
71%
Naples
67%
Venise
66%
Palerme
65%
Pise
63%
Vérone
63%
Parme
62%
Brescia
57%
Catane
57%
Monza
53%
Udine
41%
Livourne
35%
Grosseto
19%
Plaisance
16%
Alexandrie
12%
Aucun quiz correspondant
Distribution des résultats
% des personnes avec chaque résultat
Percentile par nombre de réponses
Votre historique - résultats
Vous n’avez pas pris ce quiz depuis la dernière actualisation